Utwory muzyczne z nazwami zwierząt w tytule - Statystyki

Ogólne statystyki
  • Ten quiz został rozwiązany 27 razy
  • Średni wynik to 9 z 24
Statystyki odpowiedzi
Wykonawca Tytuł utworu % Poprawnych
Urszula {Konik} na biegunach
100%
Varius Max {Orła} cień
96%
Lady Pank Fabryka {małp}
88%
Survivor Eye of the {Tiger}
79%
Stan Borys {Jaskółka} uwięziona
63%
Lynyrd Skynyrd Free {Bird}
58%
Elvis Presley Hound {Dog}
50%
Culture Club Karma {Chameleon}
50%
Elthon John {Crocodile} Rock
42%
Duran Duran Hungry Like a {Wolf}
38%
Kult {Baranek}
33%
Black Sabbath War {Pigs}
33%
Led Zeppelin Black {Dog}
29%
The Rolling Stones Wild {Horses}
29%
Czarno-Czarni Jedzą {rybę}
25%
Jefferson Airplane White {Rabbit}
25%
Bob Marley {Buffalo} Soldier
17%
Ted Nugent {Cat} Scratch Fever
13%
Sweet {Fox} on a Run
13%
The Beatles I am the {Walrus}
13%
Luxtorpeda {Wilki} dwa
13%
The B-52's Rock {Lobster}
8%
Foo Fighters {Monkey} Wrench
4%
Primus Wynonna's Big Brown {Beaver}
4%
Nie znaleziono quizów pasujących do podanych kryteriów
Rozkład punktacji
Procent ludzi z każdym wynikiem
Percentyl według liczby udzielonych odpowiedzi
Twoja historia wyników
Nie rozwiązałeś tego quizu